| 000 | 00716nam a2200241 a 4500 | ||
|---|---|---|---|
| 008 | |||
| 020 | _a0070591091 (pbk.) | ||
| 049 | _aMAIN | ||
| 090 | 0 | _aHG4026.5MOD | |
| 245 | 0 | 4 |
_aThe Modern theory of corporate finance / _cedited by Clifford W. Smith. |
| 250 | _a2nd ed. | ||
| 260 |
_aNew York : _bMcGraw-Hill, _c1990. |
||
| 300 |
_axi, 695 p. : _bill. ; _c24 cm. |
||
| 440 | 0 | _aMcGraw-Hill series in finance. | |
| 440 | 0 | _aMcGraw-Hill finance guide series. | |
| 650 | 0 |
_aCorporations _xFinance. |
|
| 700 | 1 | _aSmith, Clifford W. | |
| 907 |
_a.b10101317 _b28-02-11 _c05-12-03 |
||
| 003 | |||
| 005 | 20230123133634.0 | ||
| 040 | _cNUST | ||
| 942 |
_cBOOKS _kHG4026.5MOD |
||
| 999 |
_c152057 _d152057 |
||